000 00877nam a2200265 i 4500
001 141203
003 ES-MaACL
005 20230906200238.0
007 t|
008 070920s1995 fr ||||1| fre d
020 _a2-7427-0574-0
080 _a92(37)"-07/-00"
100 1 _aLhomond, Charles-François.
_972137
245 1 0 _aDe viris, les grands hommes de Rome
_b: latin-français /
_cAbbé Lhomond ; traduit et présenté par Jacques Gaillard.
246 3 _aDe viris illustribus urbis romae
260 _a[Francia] :
_bBabel,
_c[1995]
300 _a403 p. ;
_c18 cm.
490 1 _aBabel ;
_v164
546 _aTexto en francés y latín.
650 1 4 _aRomanos-
_xBiografías.
_916942
700 1 _aGaillard, Jacques.
_953251
830 1 _aBabel ;
_v164
_9189103
852 _aES-MaACL
_jE-12167
_z- Biblioteca Jacinto Martínez Lacalle.
999 _c141203
_d141203